000 00526nam a2200193Ia 4500
008 220531s9999 xx 000 0 und d
041 _aeng
082 _a-
_bDHU
100 _aDhumal, K. N. And Others
_969331
245 _aPlant Anatomy And Embryology And Plant Biotechnology (sem-ii, Paper-i-ii)
250 _a1ST
260 _aPune
_bNirali
_c2014
300 _a9.8
542 _d24-11-2014
551 _aScience
_bNon-grant-SCI
650 _aBotany
_969332
906 _d2014-2015
_f3032
999 _c38897
_d38897